000 01944cas a22002895a 4500
001 L145849
008 110815c2001 xxkfr w s 0 a0eng d
035 _a(Sirsi) u145849
041 0 _aeng
050 _a333.32 $2 18
110 2 _aValuation Office Agency
_93141
245 0 0 _aProperty market report
_h[electronic resource]
260 _aLondon
_bVOA
_c2001-
362 0 _aSpring 2001-
490 0 _aProperty Market Report
505 2 _aEconomic indicators -- Agricultural land and property -- Residential building land -- The housing market -- Commercial development -- Property investment -- Shopping centre yeilds -- Shops -- Offices -- Industry -- Methodology
520 _aPrepared from local market evidence (usually district valuer's opinions). Provides valuations for typical property types, including all major sectors across UK regions. Presents data on typical values of housing stock, new and second-hand, for typical housing types in selected cities. Details rental values for different types of offices and shops. Presents capital and rental values for typical classes of industrial buildings.Tables.
650 2 4 _aVOA PROPERTY MARKET REPORT
651 4 _aUnited Kingdom
690 _aPROPERTY-COMMERCIAL PROPERTY-COMMERCIAL PROPERTY MARKET
690 _aPROPERTY-RESIDENTIAL PROPERTY-RESIDENTIAL PROPERTY MARKET
780 0 0 _tVOA Property Market Report (hard copy)
856 4 0 _uhttps://webarchive.nationalarchives.gov.uk/ukgwa/20141002132829/http:/www.voa.gov.uk/dvs/propertyMarketReport/1982/index.html
_zView the 1982 VOA report
856 4 0 _uhttps://www.voa.gov.uk/dvs/propertyMarketReport/index.html
_zView the 2011 annual report at www.voa.gov.uk
856 4 0 _uhttps://webarchive.nationalarchives.gov.uk/20110320170052/http://www.voa.gov.uk/publications/property_market_report/index.htm
_zView the Spring 2001- 2010 reports free of charge at http://webarchive.nationalarchives.gov.uk
942 _n0
_2ddc
999 _c119204
_d119204